| 000 | 01316cam a2200349 a 4500 | ||
|---|---|---|---|
| 001 | 15747938 | ||
| 003 | OSt | ||
| 005 | 20160223115125.0 | ||
| 008 | 090522s2010 caua 001 0 eng | ||
| 010 | _a 2009929178 | ||
| 020 | _a0618688269 | ||
| 020 | _a1439047987 | ||
| 020 | _a9780495390800 (WebAssign studen access code) | ||
| 020 | _a0495390801 (WebAssign studen access code) | ||
| 040 | _aSEKU | ||
| 042 | _apcc | ||
| 050 | 0 | 0 |
_aQA 39.3 _b.A8 2006 |
| 100 | 1 | _aAufmann, Richard N. | |
| 245 | 1 | 0 |
_aEssentials of Prealgebra / _cRichard N. Aufmann, Vernon C. Barker, Joanne S. Lockwood. |
| 250 | _a5th ed., enhanced ed. | ||
| 260 |
_aBelmont, CA : _bBrooks/Cole, Cengage Learning, _cc2010. |
||
| 300 |
_a1 v. (various pagings) : _bill. (some col.) ; _c28 cm. |
||
| 500 | _a"New! Enhanced WebAssign edition"--Cover. | ||
| 500 | _aIncludes index. | ||
| 650 | 0 |
_aMathematics _vTextbooks. |
|
| 700 | 1 | _aBarker, Vernon C. | |
| 700 | 1 | _aLockwood, Joanne S. | |
| 856 | 4 | 2 |
_3Publisher description _uhttp://www.loc.gov/catdir/enhancements/fy1215/2009929178-d.html |
| 856 | 4 | 1 |
_3Table of contents only _uhttp://www.loc.gov/catdir/enhancements/fy1215/2009929178-t.html |
| 856 | 4 | 2 |
_3Contributor biographical information _uhttp://www.loc.gov/catdir/enhancements/fy1303/2009929178-b.html |
| 942 |
_2lcc _cGEN |
||
| 999 |
_c11342 _d11342 |
||